| 000 | 00477nam a2200157 4500 | ||
|---|---|---|---|
| 999 |
_c80498 _d80498 |
||
| 008 | 201230b ||||| |||| 00| 0 eng d | ||
| 040 | _cSTAFF | ||
| 041 | _abulg. | ||
| 100 |
_aBrückner, Heinrich _d(1928-) |
||
| 240 | _aWenn Dein Kind Dich fragt. | ||
| 245 |
_aKogato deteto lita/ _cHeinrich Brückner ; Prevede ot nemski: Iordana Doseva. |
||
| 260 |
_aSofia: _bMedizina i Fizkultura _c1984 |
||
| 300 | _a33 S. | ||
| 546 | _aText bulg., aus dem Dt. übers. | ||
| 942 |
_2z _cB |
||